Biochemistry (Record no. 7108)

MARC details
000 -LEADER
fixed length control field 01048cam a2200313 a 4500
001 - CONTROL NUMBER
control field 16040786
003 - CONTROL NUMBER IDENTIFIER
control field OSt
005 - DATE AND TIME OF LATEST TRANSACTION
control field 20220110122024.0
008 - FIXED-LENGTH DATA ELEMENTS--GENERAL INFORMATION
fixed length control field 100105s2010 enka b 001 0 eng
010 ## - LIBRARY OF CONGRESS CONTROL NUMBER
LC control number 2010000127
015 ## - NATIONAL BIBLIOGRAPHY NUMBER
National bibliography number GBB046108
Source bnb
016 7# - NATIONAL BIBLIOGRAPHIC AGENCY CONTROL NUMBER
Record control number 015522281
Source Uk
020 ## - INTERNATIONAL STANDARD BOOK NUMBER
International Standard Book Number 0030018722
035 ## - SYSTEM CONTROL NUMBER
System control number (OCoLC)ocn500241736
040 ## - CATALOGING SOURCE
Original cataloging agency DLC
Transcribing agency DDC
Modifying agency YDXCP
-- BWKUK
-- BWK
-- CDX
-- UKM
-- BWX
-- DLC
050 00 - LIBRARY OF CONGRESS CALL NUMBER
Classification number QH604
Item number .M63 2010
082 00 - DEWEY DECIMAL CLASSIFICATION NUMBER
Classification number QU4 C153b 1999
100 ## - MAIN ENTRY--PERSONAL NAME
Personal name Campbell, Mary K.
Dates associated with a name 1961-
9 (RLIN) 14648
245 00 - TITLE STATEMENT
Title Biochemistry
250 ## - EDITION STATEMENT
Edition statement 2nd ed.
260 ## - PUBLICATION, DISTRIBUTION, ETC. (IMPRINT)
Place of publication, distribution, etc. Philadelphia;
Name of publisher, distributor, etc. Saunders College Publishing,
Date of publication, distribution, etc. 1999
300 ## - PHYSICAL DESCRIPTION
Extent xxv,657p;
Other physical details Col.ill:
Dimensions 26 cm.
504 ## - BIBLIOGRAPHY, ETC. NOTE
Bibliography, etc Answers,glossary, index included
650 #0 - SUBJECT ADDED ENTRY--TOPICAL TERM
Topical term or geographic name as entry element Biochemistry
9 (RLIN) 5602
856 42 - ELECTRONIC LOCATION AND ACCESS
Materials specified Cover image
Uniform Resource Identifier <a href="http://assets.cambridge.org/97805218/82736/cover/9780521882736.jpg">http://assets.cambridge.org/97805218/82736/cover/9780521882736.jpg</a>
906 ## - LOCAL DATA ELEMENT F, LDF (RLIN)
a 7
b cbc
c orignew
d 1
e ecip
f 20
g y-gencatlg
942 ## - ADDED ENTRY ELEMENTS (KOHA)
Source of classification or shelving scheme Dewey Decimal Classification
Koha item type Open Shelf
Holdings
Withdrawn status Lost status Source of classification or shelving scheme Damaged status Not for loan Home library Current library Date acquired Source of acquisition Inventory number Total Checkouts Full call number Barcode Date last seen Koha item type
    Other/Generic Classification Scheme     MUST Main Library MUST Main Library 10/01/2022 Purchase 250   QU4 C153b 1999 2022-0003 10/01/2022 Open Shelf